| 000 | 02214nam0a2200397 4500 | ||
|---|---|---|---|
| 001 | RU\NLR\BIBL_A\011369813 | ||
| 005 | 20241114224716.0 | ||
| 010 |
_a9785946215848 _930 |
||
| 021 |
_aRU _b2017-19158 _91410 |
||
| 035 | _a(RuMoRGB)008830577 | ||
| 035 | _a(NLR Aleph) 011369813 | ||
| 090 |
_a11344828 _c11344828 |
||
| 100 | _a20170418d2016 u y0rusy50 ca | ||
| 101 | 0 | _arus | |
| 102 | _aRU | ||
| 105 | _aa|||j 000zy | ||
| 200 | 1 |
_aОбразовательное взаимодействие: системно-антропологический контекст _eучебное пособие _fВ. Е. Клочко, О. М. Краснорядцева, Э. А. Щеглова _gМинистерство образования и науки Российской Федерации, Национальный исследовательский Томский государственный университет |
|
| 210 |
_aТомск _cИздательский Дом Томского государственного университета _d2016 |
||
| 215 |
_a129 с. _cил. _d20 |
||
| 320 | _aБиблиогр. в конце гл. | ||
| 606 | 1 |
_aВысшие учебные заведения _jУчебные издания для высших учебных заведений _xПрофессора и преподаватели _xПедагогическое общение _92142311 _3RU\NLR\AUTH\661595630 |
|
| 606 |
_aПедагогическое общение _jУчебные издания для высших учебных заведений _xПсихологические исследования _92591633 _3RU\NLR\AUTH\661531514 |
||
| 686 |
_aЧ31,6(2)221я73-1 _2rubbk |
||
| 686 |
_aЮ959.0-994я73-1 _2rubbk |
||
| 686 |
_aЮ984.0я73-1 _2rubbk |
||
| 686 | 1 | _aЧ481.42я73 | |
| 686 | 1 | _aЧ481.32я73 | |
| 686 | 1 | _aЮ984.030.2-994я73 | |
| 686 | 1 | _aЮ940.9я73 | |
| 700 | 1 |
_aКлочко _bВ. Е. _gВиталий Евгеньевич |
|
| 701 | 1 |
_aКраснорядцева _bО. М. _gОльга Михайловна |
|
| 701 | 1 |
_aЩеглова _bЭ. А. _gЭлеонора Анатольевна |
|
| 942 | _cBOOK | ||
| 980 | _aNBR | ||